| 000 | 00600nam a22001937a 4500 | ||
|---|---|---|---|
| 999 |
_c188317 _d188317 |
||
| 005 | 20220518154636.0 | ||
| 010 | _aUR-11563 | ||
| 020 |
_c570.00 _a9788192747750 |
||
| 035 | _aU-10118 | ||
| 037 |
_bDBAD/PUB _a- |
||
| 082 |
_a841 _2Ist |
||
| 100 | _aجعفر ر ضا | ||
| 245 |
_aا حسا س کا سفر _c جعفر ر ضا _hا ر د و |
||
| 246 |
_bEhsas Ka Safar (Urdu) _aby Saiyed Jafar Raza |
||
| 260 |
_aTilangana _bShabistan _c2019 ء |
||
| 270 |
_a786,Shah Ganj, _bAlllahabad _e211003 _k- _l- |
||
| 300 |
_a143 ص _c22 Cm(Hb) |
||
| 942 |
_2ddc _cUR _h841 _mس ي د |
||